| 000 | 00554nam a22001697a 4500 | ||
|---|---|---|---|
| 003 | NUST | ||
| 038 | _aNusrat Nadeem | ||
| 082 | _a200 | ||
| 100 |
_aHashmi, Umme Farwah _997390 |
||
| 245 |
_aReconfigurable Reflectarray Based on Field Programmable Microwave Substrate / _cUmme Farwah Hashmi |
||
| 264 |
_aIslamabad : _bSEECS, NUST, _c2022. |
||
| 300 | _a105 p. ; | ||
| 650 |
_aMS-Electrical Engineering _923567 |
||
| 700 |
_aSupervisor: Dr. Hammad M. Cheema _996905 |
||
| 856 | _uhttp://10.250.8.41:8080/xmlui/handle/123456789/30007 | ||
| 942 |
_2ddc _cSC |
||
| 999 |
_c591045 _d591045 |
||